[Event "AUTO-MASTER-1603"]
[Site "http://www.queenalice.com/game.php?id=1036708"]
[Date "2012.3.6"]
[Round "1"]
[White "drow"]
[Black "yamato"]
[Result "1-0"]
[WhiteElo "2225"]
[BlackElo "2334"]

1. e4 c5 2. Nf3 d6 3. d4 cxd4 4. Nxd4 Nf6 5. Nc3 Nc6 6. Bg5 e6 7. Qd2 Be7 8.
O-O-O O-O 9. f4 a6 10. Be2 Bd7 11. Nf3 Ne8 12. Bxe7 Qxe7 13. e5 d5 14. g4 f6 15.
exf6 Nxf6 16. Rdg1 b5 17. Nd4 b4 18. Nd1 Ne4 19. Nxc6 Bxc6 20. Qe3 a5 21. Bf3
Nc5 22. Re1 Qd6 23. f5 exf5 24. Qe5 Qxe5 25. Rxe5 fxg4 26. Bxd5+ Bxd5 27. Rxd5
Ne4 28. Rg1 Nf6 29. Rb5 Rfb8 30. Rg5 h6 31. Rf5 Kh7 32. Ne3 h5 33. h3 gxh3 34.
Nd5 Nxd5 35. Rxh5+ Kg8 36. Rxd5 Rf8 37. Rh5 Rf3 38. Rh1 Raf8 39. R5xh3 Rxh3 40.
Rxh3 Rf1+ 41. Kd2 Rf5 42. Ke3 Rc5 43. Rh2 g5 44. Kd4 Rf5 45. c4 Kf7 46. Re2 Kf6
47. c5 g4 48. c6 Kg5 49. Re5 Rxe5 50. Kxe5 g3 51. c7 1-0

[Event "AUTO-MASTER-1603"]
[Site "http://www.queenalice.com/game.php?id=1036709"]
[Date "2012.3.6"]
[Round "1"]
[White "yamato"]
[Black "drow"]
[Result "0-1"]
[WhiteElo "2218"]
[BlackElo "2232"]

1. Nf3 Nc6 2. e4 e5 3. Bb5 a6 4. Ba4 Nf6 5. O-O Be7 6. Re1 b5 7. Bb3 d6 8. c3
O-O 9. h3 Na5 10. Bc2 c5 11. d4 Qc7 12. Nbd2 cxd4 13. cxd4 Nc6 14. Nb3 a5 15.
Be3 Nb4 16. Bb1 a4 17. Nbd2 Bd7 18. a3 Nc6 19. d5 Na5 20. Bd3 Qb7 21. Qe2 Rfc8
22. Rec1 Nc4 23. Nf1 Nxe3 24. Nxe3 Rab8 25. Nh2 Bd8 26. Nhg4 Nxg4 27. hxg4 Bg5
28. Rxc8+ Qxc8 29. Nf5 Qc5 30. g3 g6 31. Nh4 Qc8 32. f3 Qc5+ 33. Kh2 Be3 34. Ng2
Bd4 35. f4 b4 36. axb4 Rxb4 37. Ra2 Qc1 38. Ne1 Rxb2 39. Rxb2 Bxb2 0-1

[Event "AUTO-MASTER-1603"]
[Site "http://www.queenalice.com/game.php?id=1036710"]
[Date "2012.3.6"]
[Round "1"]
[White "drow"]
[Black "elijose"]
[Result "1-0"]
[WhiteElo "2212"]
[BlackElo "1946"]

1. d4 e6 2. e4 d5 3. Nc3 Bb4 4. e5 c5 5. a3 Bxc3+ 6. bxc3 Qa5 7. Bd2 Qa4 8. h4
c4 9. Qg4 Ne7 10. Qxg7 Rg8 11. Qxh7 Bd7 12. h5 Nbc6 13. Be2 O-O-O 14. g4 Rdf8
15. Ra2 Qa5 16. Nh3 Qd8 17. Qh6 Rh8 18. Qf6 Qe8 19. Bh6 Rfg8 20. Bg7 Rh7 21. h6
Nd8 22. Bf3 Ng6 23. Ng5 Rhxg7 24. hxg7 Qe7 25. Rh7 Qe8 26. Be2 Kc7 27. f4 b6 28.
f5 exf5 29. gxf5 Ne7 30. Qd6+ Kc8 31. f6 Nf5 32. Qxd5 Bc6 33. Qxc4 Kb8 34. Qd3
Bd7 35. Bg4 1-0

[Event "AUTO-MASTER-1603"]
[Site "http://www.queenalice.com/game.php?id=1036711"]
[Date "2012.3.6"]
[Round "1"]
[White "elijose"]
[Black "drow"]
[Result "0-1"]
[WhiteElo "1980"]
[BlackElo "2207"]

1. d4 d5 2. e3 Nc6 3. Nd2 e5 4. dxe5 Nxe5 5. Ngf3 Ng6 6. c4 Nf6 7. Be2 Be7 8.
O-O O-O 9. b3 c6 10. Bb2 Qc7 11. cxd5 Nxd5 12. Rc1 Rd8 13. Qe1 a5 14. Nc4 Bb4
15. Qd1 Nxe3 16. Qxd8+ Qxd8 17. Nxe3 Nf4 18. Bc4 Be6 19. Bxe6 Nxe6 20. Rfd1 Qf8
21. Nc4 Rd8 22. Re1 Bxe1 23. Rxe1 Qc5 24. h3 a4 25. Ne3 Nf4 26. bxa4 Qh5 27. Ng4
Qd5 28. a3 Nxh3+ 29. Kh2 Nf4 30. Kg1 Nd3 31. Rd1 Nxb2 32. Rxd5 Rxd5 33. Ne3 Rd3
34. Ne5 Rxa3 35. Nd7 Nxa4 36. Ne5 f6 37. N5c4 Rc3 38. Nd6 b5 39. Ne4 Rc1+ 40.
Kh2 b4 41. Nd2 Rc3 42. Ndc4 b3 43. Nd2 b2 44. Nd1 Rd3 0-1

[Event "AUTO-MASTER-1607"]
[Site "http://www.queenalice.com/game.php?id=1038425"]
[Date "2012.3.12"]
[Round "1"]
[White "drow"]
[Black "Aborigen"]
[Result "1-0"]
[WhiteElo "2208"]
[BlackElo "2041"]

1. c4 e5 2. Nf3 Nc6 3. Nc3 Nf6 4. g3 Be7 5. Bg2 O-O 6. O-O d6 7. d4 exd4 8. Nd5
Be6 9. Nxd4 Nxd4 10. Nxe7+ Qxe7 11. Qxd4 Bc8 12. Bg5 Qe6 13. Bxf6 Qxf6 14. Qxf6
gxf6 15. Rfd1 Rb8 16. Rd4 f5 17. Rad1 Be6 18. Bh3 f6 19. e4 Bd7 20. Bxf5 Bc6 21.
Be6+ Kg7 22. Bd5 Bd7 23. c5 1-0

[Event "AUTO-MASTER-1607"]
[Site "http://www.queenalice.com/game.php?id=1038438"]
[Date "2012.3.12"]
[Round "1"]
[White "celsolrc"]
[Black "drow"]
[Result "0-1"]
[WhiteElo "2116"]
[BlackElo "2189"]

1. c4 Nc6 2. Nc3 e5 3. g3 Nf6 4. Bg2 Bb4 5. a3 Bxc3 6. bxc3 e4 7. d3 O-O 8. e3
d5 9. cxd5 Qxd5 10. d4 Bg4 11. f3 exf3 12. Nxf3 Qc4 13. Bb2 Rfe8 14. Qc1 Qd3 15.
Qd2 Rxe3+ 0-1

[Event "AUTO-MASTER-1607"]
[Site "http://www.queenalice.com/game.php?id=1038439"]
[Date "2012.3.12"]
[Round "1"]
[White "drow"]
[Black "celsolrc"]
[Result "1-0"]
[WhiteElo "2193"]
[BlackElo "2081"]

1. d4 d5 2. c4 c6 3. Nf3 Nf6 4. e3 e6 5. Nc3 Bb4 6. Bd3 O-O 7. O-O Bxc3 8. bxc3
Nbd7 9. Ba3 Re8 10. Bd6 dxc4 11. Bc2 Nb6 12. Bg3 Nbd5 13. Qe2 b5 14. e4 Nxc3 15.
Qe3 b4 16. a3 c5 17. dxc5 Ng4 18. Qe1 b3 19. Qxc3 bxc2 20. Qxc4 Bb7 21. Qxc2 Nh6
22. Rfd1 Qa5 23. Ne5 f6 24. Rab1 Bxe4 25. Qxe4 fxe5 26. Bxe5 Qxc5 27. Rd7 Nf5
28. g4 Rad8 29. Rxd8 Rxd8 30. gxf5 exf5 31. Qe3 Qxe3 32. fxe3 Rd7 33. Kf2 Kf7
34. Kf3 g6 35. Bd4 h5 36. Kf4 1-0

[Event "AUTO-MASTER-1607"]
[Site "http://www.queenalice.com/game.php?id=1038448"]
[Date "2012.3.12"]
[Round "1"]
[White "drow"]
[Black "albemo"]
[Result "1-0"]
[WhiteElo "2202"]
[BlackElo "1794"]

1. d4 d5 2. Nf3 Nf6 3. e3 e6 4. c4 c6 5. Nc3 Bb4 6. Bd3 O-O 7. O-O Nbd7 8. Qc2
a5 9. Bd2 dxc4 10. Bxc4 b5 11. Bd3 Bb7 12. e4 c5 13. Nxb5 Bxd2 14. Nxd2 cxd4 15.
Nd6 Ba6 16. N2c4 Nc5 17. e5 Ng4 18. Bxh7+ Kh8 19. Qe2 Qh4 20. h3 d3 21. Qxg4
Qxg4 22. hxg4 Kxh7 23. Rfd1 f6 24. Rac1 Nd7 25. Rxd3 fxe5 26. Ne4 1-0

[Event "AUTO-MASTER-1607"]
[Site "http://www.queenalice.com/game.php?id=1038449"]
[Date "2012.3.12"]
[Round "1"]
[White "albemo"]
[Black "drow"]
[Result "0-1"]
[WhiteElo "1796"]
[BlackElo "2201"]

1. c4 g6 2. Nc3 Bg7 3. d4 Nf6 4. e4 d6 5. Be3 O-O 6. Qd2 Ng4 7. Bd3 Nxe3 8. fxe3
Nc6 9. Nf3 e5 10. d5 Nb8 11. O-O Na6 12. a3 Nc5 13. Bc2 f5 14. b4 Nxe4 15. Bxe4
fxe4 16. Nxe4 Bf5 17. Qd3 a5 18. b5 g5 19. Nfd2 Qe8 20. Rf2 Qg6 21. Raf1 Kh8 22.
a4 Rf7 23. g4 Bxe4 24. Qxe4 Rxf2 25. Rxf2 Rf8 26. Rxf8+ Bxf8 27. Qxg6 hxg6 0-1

[Event "AUTO-MASTER-1607"]
[Site "http://www.queenalice.com/game.php?id=1098691"]
[Date "2012.9.1"]
[Round "2"]
[White "BeHappy"]
[Black "drow"]
[Result "1-0"]
[WhiteElo "2560"]
[BlackElo "2227"]

1. d4 Nf6 2. c4 e6 3. a3 Be7 4. Nc3 d5 5. e3 O-O 6. Nf3 b6 7. Be2 Bb7 8. O-O
Nbd7 9. b4 dxc4 10. Bxc4 Ne4 11. Nxe4 Bxe4 12. Bb2 c5 13. dxc5 bxc5 14. Bb5 Nf6
15. Nd2 Bd3 16. Bxd3 Qxd3 17. bxc5 Rfd8 18. Nb3 Rac8 19. Bxf6 Bxf6 20. Qxd3 Rxd3
21. Rab1 Rc3 22. Rfc1 h5 23. Rxc3 Bxc3 24. Kf1 a5 25. a4 Bb4 26. Ke2 Kf8 27. Rc1
Ke7 28. Kd3 Kd7 29. Kc4 g6 30. Rd1+ Ke7 31. e4 1-0

[Event "AUTO-MASTER-1607"]
[Site "http://www.queenalice.com/game.php?id=1098692"]
[Date "2012.9.1"]
[Round "2"]
[White "drow"]
[Black "BeHappy"]
[Result "0-1"]
[WhiteElo "2246"]
[BlackElo "2551"]

1. e4 c5 2. Nf3 Nc6 3. Bb5 Nd4 4. Nxd4 cxd4 5. O-O e6 6. d3 Ne7 7. Nd2 Nc6 8.
Nc4 a6 9. Bxc6 dxc6 10. Qh5 b5 11. Ne5 g6 12. Qf3 f6 13. Bg5 Bg7 14. Nxc6 Qc7
15. Bxf6 Rf8 16. e5 Bxf6 17. exf6 Bb7 18. Rfe1 Qxc6 19. Qxc6+ Bxc6 20. Rxe6+ Kd7
21. Rae1 Bd5 22. Re7+ Kd6 23. Rxh7 Rxf6 24. Rh4 Rc8 25. Re2 Re6 26. Rxe6+ Kxe6
0-1

[Event "AUTO-MASTER-1607"]
[Site "http://www.queenalice.com/game.php?id=1098695"]
[Date "2012.9.1"]
[Round "2"]
[White "drow"]
[Black "smothered_mate"]
[Result "1/2-1/2"]
[WhiteElo "2269"]
[BlackElo "2424"]

1. e4 c6 2. d4 d5 3. Nc3 dxe4 4. Nxe4 Bf5 5. Ng3 Bg6 6. h4 h6 7. Nf3 e6 8. Ne5
Bh7 9. Bd3 Bxd3 10. Qxd3 Nd7 11. Bf4 Nxe5 12. Bxe5 Nf6 13. O-O-O Qd5 14. c4 Qa5
15. Kb1 Be7 16. Ne4 O-O-O 17. Nxf6 gxf6 18. Bf4 Bd6 19. Bxd6 Rxd6 20. Qf3 Qd8
21. Qe3 Rg8 22. g3 Rg4 23. Qxh6 Rgxd4 24. Rxd4 Rxd4 25. Rc1 f5 26. a3 f6 27. Qe3
e5 28. Ka2 Qe8 29. Qe2 Qg8 30. Ka1 f4 31. g4 Kb8 32. g5 Qh8 33. Qg4 fxg5 34.
hxg5 Qg7 35. g6 Rd6 36. Rg1 b6 37. Qf5 Kc7 38. f3 a6 39. Qe4 Kb7 40. Rg5 b5 41.
Rxe5 Qxg6 42. Re7+ Kb6 43. Qxg6 Rxg6 44. Rf7 Rg1+ 45. Ka2 bxc4 46. Rxf4 Kc5 47.
Rf6 Rf1 48. f4 Kb5 49. f5 a5 50. Rf8 c3 51. bxc3 Kc4 52. f6 1/2-1/2

[Event "AUTO-MASTER-1607"]
[Site "http://www.queenalice.com/game.php?id=1098696"]
[Date "2012.9.1"]
[Round "2"]
[White "smothered_mate"]
[Black "drow"]
[Result "1-0"]
[WhiteElo "2405"]
[BlackElo "2234"]

1. d4 Nf6 2. c4 e6 3. Nf3 d5 4. Nc3 Be7 5. Bg5 O-O 6. e3 Nbd7 7. Rc1 c6 8. Bd3
dxc4 9. Bxc4 Nd5 10. Bxe7 Qxe7 11. O-O Nxc3 12. Rxc3 e5 13. Qc2 exd4 14. exd4
Nb6 15. Re1 Qd8 16. Bb3 Nd5 17. Bxd5 Qxd5 18. Re5 Qd6 19. Ng5 Qg6 20. Qxg6 hxg6
21. Re7 f6 22. Nf3 Rf7 23. Re1 Bf5 24. h3 Rd8 25. g4 Bc8 26. b4 Rd5 27. Kg2 Kf8
28. Rce3 Rd8 29. Nh4 Rfd7 30. Nxg6+ Kf7 31. Ne7 Re8 32. Nf5 Rxe3 33. fxe3 Rd8
34. Kf3 Bxf5 35. gxf5 Rh8 36. Kg4 1-0

[Event "AUTO-MASTER-1602"]
[Site "http://www.queenalice.com/game.php?id=1099298"]
[Date "2012.9.3"]
[Round "2"]
[White "yamato"]
[Black "drow"]
[Result "1-0"]
[WhiteElo "2332"]
[BlackElo "2243"]

1. Nf3 Nf6 2. c4 e6 3. d4 b6 4. Nc3 Bb7 5. Bg5 Bb4 6. Qc2 O-O 7. e3 Be4 8. Bd3
Bxd3 9. Qxd3 d5 10. O-O Nbd7 11. Rfd1 Be7 12. Rac1 Re8 13. cxd5 Nxd5 14. Bxe7
Rxe7 15. e4 Nxc3 16. Rxc3 1-0

[Event "AUTO-MASTER-1602"]
[Site "http://www.queenalice.com/game.php?id=1099299"]
[Date "2012.9.3"]
[Round "2"]
[White "drow"]
[Black "yamato"]
[Result "1/2-1/2"]
[WhiteElo "2244"]
[BlackElo "2306"]

1. e4 e5 2. Nf3 Nc6 3. Bb5 a6 4. Bxc6 dxc6 5. O-O Qd6 6. Na3 Be6 7. Qe2 f6 8.
Rd1 O-O-O 9. d4 exd4 10. Nxd4 c5 11. Bf4 Qe7 12. Nc6 bxc6 13. Qxa6+ Kb8 14. Qb6+
Kc8 15. Qa6+ Kb8 16. Qb6+ Kc8 17. Qa6+ 1/2-1/2

[Event "AUTO-MASTER-1603"]
[Site "http://www.queenalice.com/game.php?id=1144314"]
[Date "2013.1.23"]
[Round "2"]
[White "drow"]
[Black "smothered_mate"]
[Result "0-1"]
[WhiteElo "2267"]
[BlackElo "2439"]

1. d4 Nf6 2. c4 e6 3. Nc3 d5 4. Bf4 c6 5. e3 Nbd7 6. Nf3 Be7 7. h3 O-O 8. Qc2 c5
9. cxd5 exd5 10. Be2 a6 11. O-O Re8 12. Rfd1 c4 13. Ne5 b5 14. Nc6 Qb6 15. Nxe7+
Rxe7 16. Bf3 Bb7 17. b4 Ree8 18. Rdb1 Ne4 19. Bxe4 dxe4 20. a4 Nf6 21. Ra3 Nd5
0-1

[Event "AUTO-MASTER-1603"]
[Site "http://www.queenalice.com/game.php?id=1144315"]
[Date "2013.1.23"]
[Round "2"]
[White "smothered_mate"]
[Black "drow"]
[Result "1-0"]
[WhiteElo "2431"]
[BlackElo "2274"]

1. d4 Nf6 2. c4 e6 3. Nf3 b6 4. g3 Ba6 5. Qa4 Bb7 6. Bg2 c5 7. O-O cxd4 8. Nxd4
Bxg2 9. Kxg2 Qc8 10. Rd1 Be7 11. Nc3 O-O 12. Bg5 a6 13. e4 h6 14. Bf4 d6 15. f3
Re8 16. Ndb5 e5 17. Be3 Qc6 18. Nxd6 1-0